000 00684nam a2200289Ia 4500
005 20260324145648.0
008 008 260324s9999 xx 000 0 eng d
020 _a9781315842103
037 _aEBOOK
040 _aCRL
040 _beng
040 _cCRL
041 _2eng
041 _aeng
084 _qCRL
100 _aDwight Bolinger
_91223750
245 0 _aLanguage - The Loaded Weapon
245 4 _bThe Use and Abuse of Language Today
260 _bTaylor and Francis
260 _c1980
365 _a
365 _b280
856 _uhttp://www.taylorfrancis.com/books/9781315842103
942 _cEBOOK
999 _c1831977
_d1831977